| 000 | 01038 a2200277 4500 | ||
|---|---|---|---|
| 001 | 59022 | ||
| 005 | 20260407155845.0 | ||
| 008 | 260407a1989 arg spa d | ||
| 003 | AR-UNSa-BCEJYS | ||
| 040 |
_aAR-UNSa-BCEJYS _bspa _cAR-UNSa-BCEJYS |
||
| 080 |
_a338.45 _xIndustria como sector económico. Producción comercial, industrial |
||
| 245 | 1 | 0 | _aPromoción Industrial |
| 020 | _a950-9109-96-7 | ||
| 264 | 1 |
_aBuenos Aires : _bTesis _c1989 |
|
| 300 |
_a209 p. _c20 cm. |
||
| 505 | _a1. Promoción industrial – 2. Promoción industrial – 3. Promoción industrial- el caso argentino – 4. Un nuevo camino para promocionar la industria nacional – 5. Identificación de objetivos e instrumentos en la promoción | ||
| 942 | _cBK | ||
| 590 | _aniveau_biblio:m niveau_hierar:0 | ||
| 100 | 1 | _aBruno, Norberto | |
| 700 | 1 | _aNudelman Bass, Miguel Angel | |
| 700 | 1 | _aMayol, Carlos F.M. | |
| 700 | 1 | _aBlanco, Eduardo H. | |
| 700 | 1 | _aCorbi de Cañellas, Ana Maria | |
| 700 | 1 | _aAvalle, Néstor | |
| 700 | 1 | _aMerino, Javier | |
| 999 |
_c6575 _d6575 |
||